En el borde del mundo : (Registro nro. 12)
[ vista simple ]
| 000 -LEADER | |
|---|---|
| fixed length control field | 00970nam a22001817a 4500 |
| 003 - CONTROL NUMBER IDENTIFIER | |
| control field | OSt |
| 005 - DATE AND TIME OF LATEST TRANSACTION | |
| control field | 20250606103444.0 |
| 008 - FIXED-LENGTH DATA ELEMENTS--GENERAL INFORMATION | |
| fixed length control field | 230627s2017 ag ||||| |||| 00| 0 spa d |
| 020 ## - INTERNATIONAL STANDARD BOOK NUMBER | |
| International Standard Book Number | 9789873638190 |
| 040 ## - CATALOGING SOURCE | |
| Language of cataloging | spa |
| Transcribing agency | besoc |
| 245 00 - TITLE STATEMENT | |
| Title | En el borde del mundo : |
| Remainder of title | vanguardias de archivo en América Latina / |
| Statement of responsibility, etc. | Mónica Bernabé, compiladora |
| 260 ## - PUBLICATION, DISTRIBUTION, ETC. | |
| Place of publication, distribution, etc. | Rosario : |
| Name of publisher, distributor, etc. | HyA Ediciones, |
| Date of publication, distribution, etc. | 2017 |
| 300 ## - PHYSICAL DESCRIPTION | |
| Extent | 197 p. |
| 505 ## - FORMATTED CONTENTS NOTE | |
| Title | Vanguardias transitivas. Ángel Guido en los archivos del barroco americano / |
| Statement of responsibility | Mónica Bernabé -- |
| Title | Hombres y mujeres áureos. Claudia del Río, Juan Grela, Emilio Ghilioni, Joaquín Torres García / |
| Statement of responsibility | Georgina Ricci -- |
| Title | Horizontes portátiles. La experiencia soviética de César Vallejo / |
| Statement of responsibility | Julia Miranda -- |
| Title | El futuro como espacio crítico. La vanguardia en Jesús Díaz / |
| -- | Irina Garbatzky -- |
| -- | Un impulso (an)archivístico / |
| Statement of responsibility | Hal Foster. |
| 650 #4 - SUBJECT ADDED ENTRY--TOPICAL TERM | |
| Topical term or geographic name entry element | Arte contemporáneo |
| General subdivision | Vanguardias |
| 700 1# - ADDED ENTRY--PERSONAL NAME | |
| Personal name | Bernabé, Mónica |
| Relator term | compilador |
| 942 ## - ADDED ENTRY ELEMENTS (KOHA) | |
| Source of classification or shelving scheme | Universal Decimal Classification |
| Koha item type | Libro de préstamo a domicilio |
| Suppress in OPAC | No |
| Withdrawn status | Lost status | Source of classification or shelving scheme | Damaged status | Not for loan | Collection | Home library | Current library | Date acquired | Total checkouts | Full call number | Barcode | Date last seen | Price effective from | Koha item type |
|---|---|---|---|---|---|---|---|---|---|---|---|---|---|---|
| Universal Decimal Classification | Colección General | Biblioteca Escuela de Ciencias Sociales | Biblioteca Escuela de Ciencias Sociales | 27/06/2023 | 7.036 EN56 | 000400 | 27/06/2023 | 27/06/2023 | Libro de préstamo a domicilio |